Les 10 Pays les plus Densément Peuplés d'Europe - Statistiques

Statistiques générales
  • Ce quiz a été pris 217 fois
  • Le résultat moyen est 13 sur 15
Statistiques - réponses
Densité de Population (Habitants par Km²) PAYS % Correct
24 622 Monaco
94%
383.5 Belgique
92%
168.2 Andorre
91%
246.8 Luxembourg
91%
1 162.5 Vatican
89%
519.8 Pays-Bas
88%
553.2 Saint-Marin
88%
217.3 Suisse
88%
239.3 Allemagne
86%
244.0 Liechtenstein
85%
277.2 Royaume-Uni
82%
200.2 Italie
80%
1 672.2 Malte
78%
138.1 Danemark
75%
152.4 Kosovo
68%
Aucun quiz correspondant
Distribution des résultats
% des personnes avec chaque résultat
Percentile par nombre de réponses
Votre historique - résultats
Vous n’avez pas pris ce quiz